| 000 | 00761cam a2200253 a 4500 | ||
|---|---|---|---|
| 001 | 15006967 | ||
| 005 | 20180124033716.0 | ||
| 008 | 070914s2009 njua b 001 0 eng | ||
| 010 | _a 2007037829 | ||
| 020 | _a9780135129043 | ||
| 020 | _a0135129044 | ||
| 040 |
_aDLC _cDLC _dDLC |
||
| 041 | _aeng | ||
| 043 | _an-us--- | ||
| 080 | _a344.73041 FRE | ||
| 082 | 0 | 0 |
_a344.73041 FRE _222 |
| 100 | 1 | _a14 | |
| 101 | _aJUR | ||
| 245 | 1 | 0 |
_aMedical law and ethics / _cBonnie F. Fremgen. |
| 504 | _aIncludes bibliographical references and index. | ||
| 906 |
_a7 _bcbc _corignew _d1 _eecip _f20 _gy-gencatlg |
||
| 942 |
_2ddc _cBK |
||
| 999 |
_c40816 _d40816 |
||